000 00830cab a2200265 4500
001 WB3009-15
008 090401t1994 xxu||||| |||| 00| 0 eng d
035 _a(Sirsi) u29553
041 _aeng
245 _aPartnerships are the key for town centre management
260 _c1994
350 _a0
490 _aDOE Press Release
_v(130) 1 March 1994, (2)
520 _aThe Local Government Minister urges local businesses to collaborate with local authorities in the development of town centres and future retail development.
650 _aCO-OPERATION
650 _aPARTNERSHIPS
650 _aPRIVATE SECTOR
650 _aPUBLIC SECTOR
650 _aRETAIL DEVELOPMENT
650 _aTOWN CENTRES
690 _aPROPERTY-PROPERTY DEVELOPMENT
690 _aECONOMIC AND SOCIAL
942 _n0
948 _c04/03/1997
999 _c19891
_d19891